=LDR 00000nam 2200000 4500 =001 INLIS000000000035954 =005 20130612141754 =008 ***********************************Ind** =035 ##$$0010-061300000035954 =041 ##$$a Ind =082 ##$$a 320.5 =090 ##$$a 320.5, Sar i =100 ##$$a Sargent,Lyman Tower =245 ##$$a Idiologi Politik Kontenforer, Lyman Tower Sargent;Penerjemah,Sahat Simamora =260 ##$$a 1986 $b Jakrta =300 ##$$a ix,253 hlm., 21 cm =650 ##$$a Idiologi Politik =850 ##$$a NBPNMAT